000 00535nam a2200181 i 4500
001 20919
003 ES-MaACL
005 20240418063057.0
007 t|
008 021119s1942 sp ||||1| spa d
100 1 _aAlarcón, Pedro Antonio de,
_d1833-1891
_919134
245 1 3 _aEl escándalo
_b: novela /
_cpor Pedro Antonio de Alarcón.
250 _a38ª ed.
260 _aMadrid :
_b[s.n.,
_c1942] (
_fRivadeneyra)
300 _a397 p. ;
_c19 cm.
852 _aES-MaACL
_jB-3117
_bR.19661
999 _c20919
_d20919